Statistics for Longest Tributaries of the Amazon River

Click here to take the quiz!

General Stats

  • This quiz has been taken 12 times
  • The average score is 4 of 10

Answer Stats

Length (km)Tributary% Correct
2,250Negro
75%
3,250Madeira
58%
2,639Tocantins
58%
1,979Xingu
50%
3,211Purus
33%
2,400Juruá
25%
1,992Tapajós
25%
2,627Araguaia
17%
2,820Japurá
17%
1,900Ucayali
17%

Score Distribution

Percentile by Number Answered

Percent of People with Each Score

Your Score History

You have not taken this quiz